Rolland-Garros - Statistiques

Statistiques générales
  • Ce quiz a été pris 525 fois
    486 depuis la dernière actualisation
  • Le résultat moyen est 10 sur 15
Statistiques - réponses
Question Réponse % Correct
Quel est le joueur qui a remporté le plus de titres à Rolland Garros
93%
Combien faut-il de sets pour gagner un match chez les hommes ( en simples) 3
92%
Un tie-break, c'est quoi? ( Une seule réponse donnée, ce n'est pas une question, juste une information) Un jeu en 7 points quand il y a 6 jeux à 6 pour se départager lors de la fin d'un set
89%
Et chez les femmes? 2
88%
Combien de jeux comporte un set ( sans tie-break) ? 6
86%
Qui est le dernier français à avoir gagné Rolland-Garros? Yannik Noah
85%
Qui était Rolland-Garros? Un aviateur
84%
Combien de fois Nadal a-t-il remporté Rolland Garros? 13
77%
Qui est le plus âgé parmi ces champions? Federer
76%
Quel est le nombre maximal de sets dans un match chez les hommes en simple? 5
74%
Combien d'argent est-ce que le vainqueur de Rolland-Garros 2021 en simple va gagner? 1,4 millions d'euros
53%
Depuis 2005, combien de matchs Nadal a-t-il perdu? 3
48%
Combien le court Philipe-Chatrier peut-il accueillir de spectateurs en même temps? 15 000
46%
Combien y a-t-il de cours à Rolland Garros? 17
34%
Qui est le dernier français à avoir disputé une finale de Rolland-Garros? Henri Leconte
20%
Aucun quiz correspondant
Distribution des résultats
% des personnes avec chaque résultat
Percentile par nombre de réponses
Votre historique - résultats
Vous n’avez pas pris ce quiz depuis la dernière actualisation